Vakok oktatásának fontosabb kérdései

Elmentve itt :
Bibliográfiai részletek
Szerző: Roboz József
Dokumentumtípus: Cikk
Megjelent: 1896
Sorozat:Magyar pedagógia : a Magyar Tudományos Akadémia Pedagógiai Bizottságának folyóirata 5
Kulcsszavak:Oktatásügy magyar vakok, Vakok tanítása, Vakok oktatása
Online Access:http://misc.bibl.u-szeged.hu/7202
LEADER 00690nab a2200181 i 4500
001 misc7202
005 20191106144251.0
008 170607s1896 hu o 0|| hun d
022 |a 0025-0260 
040 |a SZTE Miscellanea Repozitórium  |b hun 
041 |a hun 
100 1 |a Roboz József 
245 1 0 |a Vakok oktatásának fontosabb kérdései  |h [elektronikus dokumentum] /  |c  Roboz József 
260 |c 1896 
300 |a 351-361 
490 0 |a Magyar pedagógia : a Magyar Tudományos Akadémia Pedagógiai Bizottságának folyóirata  |v 5 
695 |a Oktatásügy magyar vakok, Vakok tanítása, Vakok oktatása 
856 4 0 |u http://misc.bibl.u-szeged.hu/7202/1/mp_1896_0380_351-361.pdf  |z Dokumentum-elérés